The New book of popular science. (Record no. 8432)

MARC details
000 -LEADER
fixed length control field 00691cam a2200157 a 4500
020 ## - INTERNATIONAL STANDARD BOOK NUMBER
ISBN 0717212130 (set)
050 00 - CALL NUMBER
Classification number Q162
Item number .N42
245 04 - TITLE
Title The New book of popular science.
260 ## - PUBLICATION INFORMATION
Place of publication Danbury, Conn. :
Name of publisher Grolier,
Year of publication c1984.
300 ## - DESCRIPTION
Number of Pages 6 v. :
Other physical details ill. (some col.) ;
Dimensions 27 cm.
505 0# - FORMATTED CONTENTS NOTE
Table of Content v. 1. Astronomy & space science. Computers & mathematics -- v. 2. Earth sciences. Energy. Environmental sciences -- v. 3. Physical sciences. General biology -- v. 4. Plant life. Animal life -- v. 5. Mammals. Human sciences -- v. 6. Technology. Appendix. Index.
650 #0 - SUBJECTS
Topical Term Science
General subdivision Popular works.
650 #0 - SUBJECTS
Topical Term Technology
General subdivision Popular works.
650 #0 - SUBJECTS
Topical Term Natural history
General subdivision Popular works.
942 ## - ADDED ENTRY ELEMENTS (KOHA)
Koha item type Books
Holdings
Withdrawn status Lost status Collection code Home library Current library Shelving location Date acquired Source of acquisition Full call number Accession Number Koha item type
    Reference Methodist University Library Main Methodist University Library Main Reference 13/10/2024 Donated by Prof. Jackson Q162 .N42 9012 Books
Copyright © 2026  MUG Library